000 00358nam a2200145 4500
008 251201b |||||||| |||| 00| 0 eng d
020 _a9798223477440
082 _a620.0042 TUT
100 _aTutorial Books
245 _aAutodesk Fusion 360 Basics Tutorial
260 _aBangalore
_bKishore
_c2023
300 _a201
650 _aDesign
942 _2ddc
_cR
999 _c64067
_d64067